SHAKE DOWN THE STARS (Record no. 3163)
[ view plain ]
| 000 -LEADER | |
|---|---|
| fixed length control field | 00626nam a22001457a 4500 |
| 020 ## - INTERNATIONAL STANDARD BOOK NUMBER | |
| ISBN | 0-52-12887-2 |
| 082 ## - DEWEY DECIMAL CLASSIFICATION NUMBER | |
| Classification number | 823 |
| Item number | DON/S |
| 100 ## - MAIN ENTRY--AUTHOR NAME | |
| Personal name | DONNELLY,FRANCES |
| 245 ## - TITLE STATEMENT | |
| Title | SHAKE DOWN THE STARS |
| 260 ## - PUBLICATION, DISTRIBUTION, ETC. (IMPRINT) | |
| Place of publication | LONDON |
| Name of publisher | CORGI BOOKS |
| 300 ## - PHYSICAL DESCRIPTION | |
| Number of Pages | 796 |
| 520 ## - SUMMARY, ETC. | |
| Summary, etc | This novel is the story of three young women from the same village but each from a differnet strata of society. They follow their own stars to find new and independent lives in a changing world. Because they are from the same village their destinies are intertwined a way that would not have happened before the war. |
| 650 ## - SUBJECT ADDED ENTRY--TOPICAL TERM | |
| Topical Term | ENGLISH- NOVEL |
| Geographic subdivision | LONDON |
| 942 ## - ADDED ENTRY ELEMENTS (KOHA) | |
| Koha item type | Books |
| Withdrawn status | Lost status | Collection code | Home library | Current library | Shelving location | Date acquired | Source of acquisition | Full call number | Accession Number | Koha item type |
|---|---|---|---|---|---|---|---|---|---|---|
| Fiction | Main Library | Main Library | SHELF-2-I ENGLIAH NOVEL TEACHERS | 24/06/2010 | PURCHASE | 823 DON/S | 05507 | Books |